La última opereta : zarzuela en un acto, dividido en tres cuadros /
Saved in:
| Main Author: | |
|---|---|
| Other Authors: | , , |
| Format: | Book |
| Language: | Spanish |
| Published: |
Madrid :
R. Velasco [impresor],
1915.
|
| Tags: |
Add Tag
No Tags, Be the first to tag this record!
|
| LEADER | 01223nam a2200277Ia 4500 | ||
|---|---|---|---|
| 001 | 005358357-4 | ||
| 005 | 20020606095253.2 | ||
| 008 | 850131s1915 sp 000 0 spa d | ||
| 035 | 0 | |a ocm11640333 | |
| 040 | |a NOC |c NOC |d HHG | ||
| 050 | 4 | |a PQ6217 |b .T44 v. 174, no. 1 | |
| 090 | |a PQ6217 |b .T44 v. 174, no. 1 | ||
| 100 | 1 | |a Giménez, Gerónimo, |d 1854-1923. | |
| 245 | 1 | 3 | |a La última opereta : |b zarzuela en un acto, dividido en tres cuadros / |c original de Antonio F. Lepina y Ricardo G. del Toro ; música del maestro Gerónimo Giménez. |
| 260 | |a Madrid : |b R. Velasco [impresor], |c 1915. | ||
| 300 | |a 46 p. ; |c 20 cm. | ||
| 500 | |a Imprint on cover: Madrid : Sociedad de Autores Españoles, 1915. | ||
| 500 | |a Without the music. | ||
| 500 | |a "Evoluciones del cuadro primero", "obras de Antonio Fernández Lepina" and "obras de Ricardo González del Toro": 3 leaves at end. | ||
| 504 | |a "Notas": p. [47]. | ||
| 700 | 1 | |a Fernȧndez Lepina, Antonio, |d 1881- | |
| 700 | 2 | |a González del Toro, Ricardo. | |
| 700 | 1 | |a Fernández Lepina, Antonio, |d 1881- | |
| 776 | 0 | 8 | |i Online version: |a Giménez, Gerónimo, 1854-1923. |t Última opereta. |d Madrid : R. Velasco [impresor], 1915 |w (OCoLC)826447272 |
| 988 | |a 20020608 | ||
| 906 | |0 OCLC | ||


